| 000 | 00722nam a2200229 a 4500 | ||
|---|---|---|---|
| 001 | 1997 | ||
| 003 | CDMR | ||
| 005 | 20131118113637.0 | ||
| 008 | 130130s1979||||||||||||||||||||||||||||d | ||
| 020 | _a8428104263 | ||
| 040 |
_aCDMR _bcat _cCDMR |
||
| 100 | 1 |
_aToussaint, Nadine _91491 |
|
| 245 | 1 | 3 |
_aLa economía de la información _cNadine Toussaint ; preámbulo y revisión de Eugeni Giral |
| 260 |
_aVilassar de Mar _c1979 _bOikos-Tau |
||
| 300 | _a155 p. | ||
| 490 | 0 |
_aNueva Serie ¿Qué sé? _v130 |
|
| 650 | 0 | 4 |
_93178 _aMitjans de comunicació de massa _xAspectes econòmics |
| 650 | 0 | 4 |
_9311 _aEmpreses periodístiques |
| 650 | 0 | 4 |
_94123 _aConcentració industrial |
| 700 | 1 |
_94355 _aGiral, Eugeni |
|
| 942 |
_cMON _2udc |
||
| 999 |
_c1997 _d1997 |
||